Господину Министру Финансов (Запись № 11920103)
[ простой вид ]
| 000 -МАРКЕР | |
|---|---|
| контрольное поле | 02458nam0a2200385 4500 |
| 001 - ИДЕНТИФИКАТОР ЗАПИСИ | |
| контрольное поле | RU\NLR\BIBL_A\012103637 |
| 005 - ИДЕНТИФИКАТОР ВЕРСИИ | |
| контрольное поле | 20260407114718.0 |
| 035 ## - ДРУГИЕ СИСТЕМНЫЕ НОМЕРА | |
| Идентификатор записи | (NLR Aleph) 012103637 |
| 100 ## - ДАННЫЕ ОБЩЕЙ ОБРАБОТКИ | |
| Данные общей обработки | 20190930d1896 |||y0rusy50 ca |
| 101 0# - ЯЗЫК РЕСУРСА | |
| Язык текста, звукозаписи и т.д. | русский |
| 102 ## - СТРАНА ПУБЛИКАЦИИ ИЛИ ПРОИЗВОДСТВА | |
| Страна публикации | Российская Федерация |
| 105 ## - ПОЛЕ КОДИРОВАННЫХ ДАННЫХ: ТЕКСТОВЫЕ МАТЕРИАЛЫ, МОНОГРАФИЧЕСКИЕ | |
| Кодированные данные о монографическом текстовом документе | y z 000zy |
| 200 1# - ЗАГЛАВИЕ И СВЕДЕНИЯ ОБ ОТВЕТСТВЕННОСТИ | |
| Основное заглавие | Господину Министру Финансов |
| Первые сведения об ответственности | Министр Императорского Двора. 10 апреля 1896 г. № 4930. На № 2548 |
| 210 ## - ПУБЛИКАЦИЯ, РАСПРОСТРАНЕНИЕ И ДР. | |
| Место издания, распространения и т.д. | [Санкт-Петербург |
| Имя издателя, распространителя и т. д. | б. и.] |
| Дата издания, распространения и т.д. | 1896 |
| 215 ## - ФИЗИЧЕСКАЯ ХАРАКТЕРИСТИКА | |
| Специфическое обозначение материала и объем | 4 с. |
| Размеры | 35 |
| 300 ## - ОБЩИЕ ПРИМЕЧАНИЯ | |
| Текст примечания | Текст начинается словами: В присланном на мое заключение проекте о замене взимаемых в Сибири подушных податей ... |
| 300 ## - ОБЩИЕ ПРИМЕЧАНИЯ | |
| Текст примечания | В конце текста: Подписал: Министр Императорского Двора, Генерал-Адъютант Гр. Воронцов-Дашков; Скрепил: Заведывающий Земельно-Заводским Отделом Кабинета Его Императорского Величества Стевен; Верно: Начальник Отделения Ласточкин |
| 309 ## - ПРИМЕЧАНИЯ ОБ ОСНОВНОМ ИСТОЧНИКЕ ИНФОРМАЦИИ И ОБ ОСОБЕННОСТЯХ ПОЛИГРАФИЧЕСКОГО ОФОРМЛЕНИЯ ИЗДАНИЯ | |
| Текст примечания | Без тит. л. и обл. |
| 309 ## - ПРИМЕЧАНИЯ ОБ ОСНОВНОМ ИСТОЧНИКЕ ИНФОРМАЦИИ И ОБ ОСОБЕННОСТЯХ ПОЛИГРАФИЧЕСКОГО ОФОРМЛЕНИЯ ИЗДАНИЯ | |
| Текст примечания | Копия |
| 517 1# - ДРУГИЕ ВАРИАНТЫ ЗАГЛАВИЯ | |
| Вариант заглавия | В присланном на мое заключение проекте о замене взимаемых в Сибири подушных податей ... |
| 606 1# - НАИМЕНОВАНИЕ ТЕМЫ КАК ПРЕДМЕТ | |
| Наименование темы | Подушная подать |
| Формальный подзаголовок | Документы и материалы |
| Географический подзаголовок | Россия |
| Системный номер авторитетной/нормативной записи | 2593408 |
| Идентификатор авторитетной/нормативной записи | RU\NLR\AUTH\6601742127 |
| 686 3# - ИНДЕКСЫ ДРУГИХ КЛАССИФИКАЦИЙ | |
| Индекс | У26(28)141.319.219,011 |
| 686 3# - ИНДЕКСЫ ДРУГИХ КЛАССИФИКАЦИЙ | |
| Индекс | Х2(2)46-512,011 |
| 702 #1 - ИМЯ ЛИЦА - ВТОРИЧНАЯ ОТВЕТСТВЕННОСТЬ | |
| Код отношения | Подписавшее лицо |
| Материалы, к которым относится поле | rus |
| Графика поля | Кириллица |
| Начальный элемент ввода | Воронцов-Дашков |
| Часть имени, кроме начального элемента ввода | И. И. |
| Даты | 1837-1916 |
| Расширение инициалов личного имени | Илларион Иванович |
| Идентификатор авторитетной/нормативной записи | RU\NLR\AUTH\7774738 |
| Системный номер авторитетной/нормативной записи | 57666 |
| 702 #1 - ИМЯ ЛИЦА - ВТОРИЧНАЯ ОТВЕТСТВЕННОСТЬ | |
| Код отношения | Подписавшее лицо |
| Графика поля | Кириллица |
| Материалы, к которым относится поле | rus |
| Начальный элемент ввода | Стевен |
| Часть имени, кроме начального элемента ввода | А. Х. |
| Дополнения к именам, кроме дат | гос. чиновник |
| Даты | 1844-1910 |
| Расширение инициалов личного имени | Александр Христианович |
| Системный номер авторитетной/нормативной записи | 211982 |
| Идентификатор авторитетной/нормативной записи | RU\NLR\AUTH\770212038 |
| 702 #1 - ИМЯ ЛИЦА - ВТОРИЧНАЯ ОТВЕТСТВЕННОСТЬ | |
| Начальный элемент ввода | Ласточкин |
| Дополнения к именам, кроме дат | гос. чиновник |
| Код отношения | Подписавшее лицо |
| 712 01 - НАИМЕНОВАНИЕ ОРГАНИЗАЦИИ - ВТОРИЧНАЯ ОТВЕТСТВЕННОСТЬ | |
| Начальный элемент ввода | Россия |
| Структурное подразделение | Министерство финансов |
| Идентификатор авторитетной/нормативной записи | RU\NLR\AUTH\889947360 |
| Системный номер авторитетной/нормативной записи | 390360 |
| 712 01 - НАИМЕНОВАНИЕ ОРГАНИЗАЦИИ - ВТОРИЧНАЯ ОТВЕТСТВЕННОСТЬ | |
| Код отношения | Прочие |
| Начальный элемент ввода | Россия |
| Структурное подразделение | Министерство Императорского двора и уделов |
| Идентификатор авторитетной/нормативной записи | RU\NLR\AUTH\889943471 |
| Системный номер авторитетной/нормативной записи | 382087 |
| 852 ## - МЕСТОНАХОЖДЕНИЕ И ШИФР ХРАНЕНИЯ | |
| Идентификатор организации | NLR |
| Шифр хранения (Call Number) | 135/294-320(54-1) |
| 942 ## - ДОПОЛНИТЕЛЬНЫЕ ЭЛЕМЕНТЫ ЗАПИСИ (АБИС) | |
| Тип экземпляра АБИС | Книга |
| 980 ## - КОЛЛЕКЦИЯ | |
| Название коллекции | Национальная библиография |
Нет доступных экземпляров.